Statistics for West African Nations Flags

Click here to take the quiz!

General Stats

  • This quiz has been taken 39 times
  • The average score is 16 of 18

Answer Stats

Answer% Correct
Ghana
100%
Ivory Coast
100%
Liberia
97%
Niger
97%
Nigeria
97%
Benin
93%
Equatorial Guinea
93%
Mali
93%
Senegal
93%
Togo
93%
Guinea
90%
Mauritania
90%
Burkina Faso
87%
Chad
87%
Gambia
87%
Guinea Bissau
87%
Cameroon
80%
Sierra Leone
80%

Score Distribution

Percentile by Number Answered

Percent of People with Each Score

Your Score History

You have not taken this quiz